000 00359nam a2200157Ia 4500
100 _aCaslow/Andrew Bruce
650 _aCisco certification
250 _a2
942 _cRB
366 _f25
654 _acisco
245 _aCisco certification:Bridges
260 _bPrentice -Hall of India
_c2001
082 _a4.65
_bCAS
546 _aENGLISH
_cPAMPHALETS
999 _c19312
_d19312